Democracias y dictaduras en los años treinta

Сохранить в:
Библиографические подробности
Главный автор: Páez-Camino Arias, Feliciano (autor)
Формат:
Язык:испанский
Опубликовано: Madrid, España Síntesis 1992
Серии:Historia Universal Contemporánea, 15
Предметы:
Метки: Добавить метку
Нет меток, Требуется 1-ая метка записи!

MARC

LEADER 00000nam a2200000 a 4500
001 UCN2585
003 CL-VaPUC
005 20230116102834.0
008 010530e19920000SP |||||||||||||||||spa|d
999 |c 295641  |d 295639 
020 |a 8477381585 
040 |c Pontificia Universidad Católica de Valparaíso 
082 0 4 |a 909.821 PAE 1992  |2 21 
100 |a Páez-Camino Arias, Feliciano  |e autor  |9 458589 
245 1 0 |a Democracias y dictaduras en los años treinta 
260 |a Madrid, España  |b Síntesis  |c 1992 
300 |a 156 páginas 
490 0 |a Historia Universal Contemporánea,  |v  15 
583 |a last modification  |c 20010530 00:00:00  |k Rodrigo Vera 
650 7 |a HISTORIA UNIVERSAL SIGLO 20  |2 CL-VaPUC  |9 361893 
650 7 |a CRISIS POLITICA  |2 CL-VaPUC  |9 327740  |z EUROPA  |z AMERICA 
942 |c BK  |2 ddc 
945 |d 20010530 00:00:00  |a cmena 
952 |0 0  |1 0  |2 ddc  |4 0  |6 909_821000000000000_PAE_1992  |7 0  |8 A  |9 348927  |a BIBHIS  |b BIBHIS  |d 2019-11-20  |i 3699803  |o 909.821 PAE 1992  |p 3699803  |r 2025-01-20  |t 1  |w 2019-11-20  |y BK  |k HIS 
952 |0 0  |1 0  |2 ddc  |4 0  |6 909_821000000000000_PAE_1992  |7 0  |8 A  |9 348928  |a BIBHIS  |b BIBHIS  |d 2019-11-20  |i 4139003  |o 909.821 PAE 1992  |p 4139003  |r 2025-01-20  |t 2  |w 2019-11-20  |y BK  |k HIS